IPD Global Property Index (Record no. 109701)

MARC details
000 -LEADER
fixed length control field 01102cad a22002415a 4500
001 - CONTROL NUMBER
control field L147716
008 - FIXED-LENGTH DATA ELEMENTS--GENERAL INFORMATION
fixed length control field 090608s2009 xxkad f s 000 0 eng d
035 ## - SYSTEM CONTROL NUMBER
System control number (Sirsi) u147716
041 0# - LANGUAGE CODE
Language code of text/sound track or separate title eng
050 04 - LIBRARY OF CONGRESS CALL NUMBER
Classification number 333.32 $2 18
110 2# - MAIN ENTRY--CORPORATE NAME
Corporate name or jurisdiction name as entry element Investment Property Databank
9 (RLIN) 2288
245 00 - TITLE STATEMENT
Title IPD Global Property Index
Remainder of title results for the year ending 31 December 2008
Medium [electronic resource]
260 ## - PUBLICATION, DISTRIBUTION, ETC.
Place of publication, distribution, etc. London
Name of publisher, distributor, etc. IPD
Date of publication, distribution, etc. 2009
490 #0 - SERIES STATEMENT
Series statement IPD Global Property Index
Volume/sequential designation results for the year ending 31 December 2008
520 ## - SUMMARY, ETC.
Summary, etc. Presents the total returns to direct property investments across the globe in 2008. Reports that in 2008 the property total returns across world real estate markets were significantly lower than those in 2007, falling from 16.0%, to -10.1%.
521 ## - TARGET AUDIENCE NOTE
Target audience note Advanced
590 ## - LOCAL NOTE (RLIN)
Local note KA NTK
650 24 - SUBJECT ADDED ENTRY--TOPICAL TERM
Topical term or geographic name entry element IPD GLOBAL PROPERTY INDEX
651 #4 - SUBJECT ADDED ENTRY--GEOGRAPHIC NAME
Geographic name International
690 ## - LOCAL SUBJECT ADDED ENTRY--TOPICAL TERM (OCLC, RLIN)
Topical term or geographic name as entry element PROPERTY-COMMERCIAL PROPERTY-COMMERCIAL PROPERTY MARKET
856 40 - ELECTRONIC LOCATION AND ACCESS
Uniform Resource Identifier <a href="https://www.ipd.com/OurProducts/Indices/Global/tabid/936/Default.aspx">https://www.ipd.com/OurProducts/Indices/Global/tabid/936/Default.aspx</a>
Public note View the item free of charge at www.ipdglobal.com...
942 ## - ADDED ENTRY ELEMENTS (KOHA)
Suppress in OPAC 0
Holdings
Withdrawn status Lost status Source of classification or shelving scheme Damaged status Not for loan Home library Current library Shelving location Date acquired Total Checkouts Full call number Barcode Date last seen Copy number Price effective from Koha item type
    Dewey Decimal Classification     Virtual Virtual Online 08/06/2009   ONLINE PUBLICATION 147716-2001 06/08/2019 1 06/08/2019 Book